• 首页
  • 本馆介绍
  • 公告通知
  • 最新文献
  • 馆藏检索
  • 电子资源
  • 读者荐购
  • 参考咨询
  • CALIS
  • 我的图书馆
  • 登录
  • 详细信息显示
  • 放入我的书架
  • 预约/预借图书
  • 作者相关作品
  • 分类相关作品
  • 丛书相关作品
  • 出版社相关作品

书目信息

  • 表格格式
  • 工作单格式
  • 卡片格式
题名:
数字社会
    
 
作者: 许正中 , 蒋震 , 王娜 著
分册:  
出版信息: 北京   国家行政学院出版社  2024.11
页数: 222页
开本: 24cm
丛书名: 数字经济与高质量发展丛书
单 册:
中图分类: D63-39
科图分类:
主题词: 数字技术--应用--社会管理--研究--中国
电子资源:
ISBN: 978-7-5150-2871-2
 
 
 
 
 
000 01175nam0 2200289 450
001 013319887
005 20251022164448.50
010    @a978-7-5150-2871-2@dCNY55.00
100    @a20241226d2024 em y0chiy0120 ea
101 0  @achi
102    @aCN@b110000
105    @ay z 000yy
106    @ar
200 1  @a数字社会@9shu zi she hui@e数字时代的社会发展@f许正中,蒋震,王娜等著
210    @a北京@c国家行政学院出版社@d2024.11
215    @a222页@d24cm
225 1  @a数字经济与高质量发展丛书@f孙世芳,许正中主编
300    @a国家出版基金项目
330    @a本书关注数字技术对社会的全方位变革,追溯数字技术的历史演进,形成数字社会的基础构架;探讨了数字技术对社会、经济和文化各领域的深刻影响,进一步深入研究数字社会的治理体系变革与制度变迁过程;着眼未来,从伦理考量、风险管理、可持续发展和构筑数字社会人类文明新形态等多个方面,对数字社会的发展趋势进行了研究与展望。
461  0 @12001 @a数字经济与高质量发展丛书
606 0  @a数字技术@x应用@x社会管理@x研究@y中国
690    @aD63-39@v5
701  0 @a许正中@9xu zheng zhong@4著
701  0 @a蒋震@9jiang zhen@4著
701  0 @a王娜@9wang na@4著
801  0 @aCN@c20250910
905    @a河南城建学院图书馆@dD63@eX919@ZX919@f1
    
    数字社会:数字时代的社会发展/许正中,蒋震,王娜等著.-北京:国家行政学院出版社,2024.11
    222页;24cm.-(数字经济与高质量发展丛书/孙世芳,许正中主编)
    国家出版基金项目
    
    ISBN 978-7-5150-2871-2:CNY55.00
    本书关注数字技术对社会的全方位变革,追溯数字技术的历史演进,形成数字社会的基础构架;探讨了数字技术对社会、经济和文化各领域的深刻影响,进一步深入研究数字社会的治理体系变革与制度变迁过程;着眼未来,从伦理考量、风险管理、可持续发展和构筑数字社会人类文明新形态等多个方面,对数字社会的发展趋势进行了研究与展望。
●
相关链接 在E读中查询图书 在当当中查询图书 在豆瓣中查询图书


正题名:数字社会     索取号:D63/X919         预约/预借

序号 登录号 条形码 馆藏地/架位号 状态 备注
1 1633916   216339166   社科库509/509社科库 73排1列6层/ [索取号:D63/X919] 在馆    
河南城建学院图书馆 欢迎您!
大连网信软件有限公司© 版权所有